000 00426nam a2200193Ia 4500
003 OSt
005 20251118154355.0
008 250729s1900 xx 000 0 und d
020 _a 9780913592380
040 _cAL
041 _aeng
082 _a158.1 MARP
100 _aMarty E Martin
_9224522
245 _aYou are promise
260 _aTexas
300 _a374p
650 _aPsychology
_9224523
942 _2ddc
_cBED
999 _c236452
_d236452